| 000 | 00600cam a2200193 a 4500 | ||
|---|---|---|---|
| 020 | _a0824780248 | ||
| 082 | 0 | 0 |
_a628.9/2 _bHAE _cL-37, P-96 |
| 100 | 1 |
_aHaessler, Walter M., _944285 |
|
| 245 | 1 | 0 |
_aFire : _bfundamentals and control / _cWalter M. Haessler. |
| 260 |
_aNew York : _bM. Dekker, _cc1989. |
||
| 300 |
_axii, 248 p. : _bill. ; _c24 cm. |
||
| 490 | 1 | _aOccupational safety and health ; | |
| 500 | _aIncludes index. | ||
| 526 |
_a0 _b0 _c0 _d628_920000000000000_HAE |
||
| 650 | 0 |
_aCombustion. _944286 |
|
| 650 | 0 | _aFire extinction. | |
| 650 | 0 |
_aFlammable materials. _944287 |
|
| 942 |
_2ddc _cBK |
||
| 999 |
_c548118 _d548118 |
||